Iniciativa de la Cuenca del Caribe: Costa Rica propone enmiendas

Enmiendas expuestas por el gobierno de Costa Rica, en torno al programa de la iniciativa de la Cuencia del Caribe, aprobadas bajo una ley basada en la expansión de los beneficios de la Iniciativa de la Cuencia del Caribe. La propuesta fue traducida al Congreso y está en proceso de aprobación. SM/EL...

Descripció completa

Guardat en:
Dades bibliogràfiques
Format: Text
Matèries:
Etiquetes: Afegir etiqueta
Sense etiquetes, Sigues el primer a etiquetar aquest registre!

MARC

LEADER 00000 a a2200000 04500
001 1341
003
040
245 |a Iniciativa de la Cuenca del Caribe:   |b Costa Rica propone enmiendas  
520 |a Enmiendas expuestas por el gobierno de Costa Rica, en torno al programa de la iniciativa de la Cuencia del Caribe, aprobadas bajo una ley basada en la expansión de los beneficios de la Iniciativa de la Cuencia del Caribe. La propuesta fue traducida al Congreso y está en proceso de aprobación. SM/EL  
650 |a COMERCIO EXTERIOR  
650 |a GOBIERNO  
650 |a EXPORTACIONES  
650 |a INICIATIVA PARA LA CUENCA DEL CARIBE  
773 |g número 44; páginas 6-7  
999 |c 37808  |d 37808